Adivina el país o territorio con emojis #4 - Estadísticas

Estadísticas generales
  • Esta prueba ha sido intentada 14 veces
  • La puntuación promedio es 13 de 30
Estadísticas de respuestas
Imagen Hint Respuesta % Correcto
América República Dominicana
71%
América Bahamas
57%
Oceanía Fiyi
57%
Europa Gibraltar
57%
América Haití
57%
Oceanía Papúa Nueva Guinea
57%
Asia Taiwán
57%
Europa Bosnia y Herzegovina
50%
Europa Luxemburgo
50%
Europa Albania
43%
Asia Camboya
43%
Asia Corea del Norte
43%
África Ghana
43%
África República del Congo
43%
Asia Bangladés
36%
Asia Bután
36%
América El Salvador
36%
África Guinea Ecuatorial
36%
América Guyana
36%
Europa Malta
36%
África Mauricio
36%
Asia Myanmar
36%
África Ruanda
36%
África Sudán
36%
Europa Andorra
29%
Asia Catar
29%
África Costa de Marfil
29%
África Senegal
29%
Asia Siria
29%
Oceanía Polinesia Francesa
21%
No se encontraron pruebas coincidentes
Distribución de puntuación
Porcentaje de gente con cada puntuación
Porcentaje por número respondido
Historial de tus puntuaciones
No has intentado esta prueba.